000
00199 a2200097 4500
001
18007
100
_a
Saundby, R
245
_a
Early aviation
260
_a
_b
Macdonald
_c
1971
090
_c
13311
_d
13311
942
_a
NUST-CAE
_c
M
_c
3683
999
_c
253080
_d
253080